000 00434nam a2200181Ia 4500
003 GCL
008 140319s9999 xx 000 0 eng d
040 _aGCL /
_cGCL
082 0 4 _a844.07
_bG N
100 1 _aGIRARD, LOUIS
245 1 0 _aNAPOLEON III /
_cGIRARD, LOUIS
260 _a[S.N] :
_bFAYARD ،
_c1986
300 _a550 P
650 0 4 _aNAPOLEON III
650 0 4 _aFRENCH HISTORY
650 0 4 _aBIOGRAPHIES
942 _2ddc
_cBK
999 _c23264
_d23264